LEADER 01168nam a2200265 i 4500 001 000000353546 003 CaOOAMICUS 005 20251121110308.0 008 230420s2023 it u000 u ita u 020 $a978-88-399-2408-7 040 $aSeMil$bita 100 1 $aGrillo, Andrea,$d<1961- >.$0(OLS)http://semarc/name/2664 245 10$aEucaristia :$bazione rituale, forme storiche, essenza sistematica /$cAndrea Grillo. 250 $a2. Ed. aggiornata 264 1$aBrescia :$bQueriniana,$c2023. 300 $a445 p. ;$c24 cm. 490 1 $aNuovo corso di teologia sistematica ;$v8 650 4$aEucaristia - Teologia sistematica.$0(OLS)http://semarc/subject/5569 830 0$aNuovo corso di teologia sistematica ;$v8.$0(OLS)http://semarc/title/456884 850 $aSeMil 852 $aSeMil$W1$xVenegono$y1$m2BA R 8$j264663$B244726$CSeMilBibl$Z2$F244726 $81 996 $6020$a978-88-399-2408-7$9(OLS)http://semarc/number/298017 996 $6245$aEucaristia :$bazione rituale, forme storiche, essenza sistematica$9(OLS)http://semarc/title/443618 996 $6264$aBrescia :$bQueriniana$9(OLS)http://semarc/publisher/29615 LEADER 01299nam a2200301 i 4500 001 000000036514 003 CaOOAMICUS 005 20240409101709.0 008 150702s1990 it u000 u ita u 013 $a6149 020 $a88-372-1422-7 040 $aSeMil$bita 100 1 $aLa Bella, Gianni,$d<1955- >.$0(OLS)http://semarc/name/17210 245 10$aLuigi Sturzo e l'esilio negli Stati Uniti /$cGianni La Bella ; Prefazione di Gabriele De Rosa. 260 $aBrescia :$bMorcelliana,$ccopyr. 1990. 300 $a137 p. ;$c24 cm. 490 0 $aBiblioteca di storia contemporanea 500 $aContiene : Appendice. 650 4$aSturzo, Luigi - Lettere e carteggi.$0(OLS)http://semarc/subject/74 700 1 $aDe Rosa, Gabriele,$d<1917-2009>.$0(OLS)http://semarc/name/220 830 0$aBiblioteca di storia contemporanea.$0(OLS)http://semarc/title/374 850 $aSeMil 852 $aSeMil$W1$xVenegono$y1$m3N IV 336$j2669$B2669$CSeMilBibl$Z2$F2669 $81 961 $aOmaggio: Rimoldi mons. Antonio 996 $6020$a88-372-1422-7$9(OLS)http://semarc/number/5188 996 $6245$aLuigi Sturzo e l'esilio negli Stati Uniti$9(OLS)http://semarc/title/50588 996 $6260$aBrescia :$bMorcelliana$9(OLS)http://semarc/publisher/29629